| 000 | 00356nam a2200133Ia 4500 | ||
|---|---|---|---|
| 008 | 220217s9999||||xx |||||||||||||| ||und|| | ||
| 020 | _a81-7224-722-9 | ||
| 082 | _a621.381 5 MUR | ||
| 100 | _aMurthy, K.V.V and Kamath, M.S | ||
| 245 | 0 | _aBasic circuite analysis | |
| 260 |
_aJaico publishers _bMumbai _c2007 |
||
| 300 | _b350 | ||
| 650 | _aCIRCUITRY | ||
| 999 |
_c180072 _d180072 |
||